[Event "COL-ch U14 Girls"]
[Site "Barranquilla"]
[Date "2024.04.13"]
[Round "4"]
[White "Barreto Pulido, Mariana"]
[Black "Gomez Arias, Katherine"]
[Result "1-0"]
[WhiteElo "1520"]
[BlackElo "1639"]
[PlyCount "75"]
[EventDate "2024.04.11"]
[EventType "swiss"]
[EventRounds "7"]
[EventCountry "COL"]
[SourceTitle "CB18_2024"]
[SourceDate "2024.05.01"]
[SourceVersion "1"]
[SourceVersionDate "2024.05.01"]
[SourceQuality "2"]

1. e4 c5 2. Nf3 d6 3. d4 cxd4 4. Nxd4 Nf6 5. Nc3 g6 6. f3 Bg7 7. Be3 0-0 8. Qd2 Nc6 9. Bc4 Nxd4 10. Bxd4 a6 11. g4 b5 12. Bb3 h5 13. gxh5 Nxh5 14. Bxg7 Kxg7 15. Rg1 e5 16. 0-0-0 Nf4 17. Nd5 Ne6 18. Ne3 Nd4 19. Qf2 Qf6 20. Rdf1 Qf4 21. Bd5 Ra7 22. Kb1 Rh8 23. Rg3 Bh3 24. Rd1 b4 25. Bc4 a5 26. Nd5 Qh4 27. Rxd4 exd4 28. Qxd4+ Kg8 29. Qxa7 Be6 30. Qb8+ Kg7 31. Qxd6 Qxh2 32. a3 Rh3 33. Qe5+ Kg8 34. Nf6+ Kf8 35. Qc5+ Kg7 36. Rxh3 Qxh3 37. Bxe6 fxe6 38. Qe7+ 1-0